How to Start and Run an eBay Consignment Business : Make Real Money Selling Other People's Stuff. (Record no. 4036)
[ view plain ]
| 005 - DATE AND TIME OF LATEST TRANSACTION | |
|---|---|
| control field | 20250614074030.0 |
| 020 ## - INTERNATIONAL STANDARD BOOK NUMBER | |
| International Standard Book Number | 0-07-226277-X |
| 082 ## - DEWEY DECIMAL CLASSIFICATION NUMBER | |
| Classification number | LECT 658.87 McG |
| 100 ## - MAIN ENTRY--PERSONAL NAME | |
| Author name | McGRATH, S. |
| 245 ## - TITLE STATEMENT | |
| Title | How to Start and Run an eBay Consignment Business : Make Real Money Selling Other People's Stuff. |
| 260 ## - PUBLICATION, DISTRIBUTION, ETC. | |
| Place of publication, distribution, etc. | New York, |
| Name of publisher, distributor, etc. | McGraw-Hill, |
| Date of publication, distribution, etc. | 2006. |
| 300 ## - PHYSICAL DESCRIPTION | |
| Extent | xvi, 303p.: ill.; figure, picture, table |
| Other physical details | Glossary & Index |
| Dimensions | 23cm. |
| 942 ## - ADDED ENTRY ELEMENTS (KOHA) | |
| Source of classification or shelving scheme | Dewey Decimal Classification |
| Koha item type | Books |
| Date last seen | Total checkouts | Full call number | Barcode | Cost, replacement price | Price effective from | Koha item type | Lost status | Source of classification or shelving scheme | Damaged status | Not for loan | Withdrawn status | Home library | Current library | Shelving location | Date acquired | Cost, normal purchase price |
|---|---|---|---|---|---|---|---|---|---|---|---|---|---|---|---|---|
| 06/26/2025 | 658.8'7McG | DOM0002047 | 105000.00 | 06/25/2025 | Books | Dewey Decimal Classification | CBE Dodoma | CBE Dodoma | General Collection | 12/08/2010 | 35000.00 | |||||
| 06/26/2025 | 658.8'7McG | DOM0002048 | 105000.00 | 06/25/2025 | Books | Dewey Decimal Classification | CBE Dodoma | CBE Dodoma | 12/08/2010 | 35000.00 | ||||||
| 06/14/2025 | LECT 658.87 McG | 00000012997 | 105000.00 | 06/14/2025 | Books | Dewey Decimal Classification | College of Business Education Main Library | College of Business Education Main Library | General Collection | 12/08/2010 | 35000.00 | |||||
| 06/14/2025 | LECT 658.87 McG | 00000012998 | 105000.00 | 06/14/2025 | Books | Dewey Decimal Classification | College of Business Education Main Library | College of Business Education Main Library | General Collection | 12/08/2010 | 35000.00 | |||||
| 06/14/2025 | LECT 658.87 McG | 00000012999 | 105000.00 | 06/14/2025 | Books | Dewey Decimal Classification | College of Business Education Main Library | College of Business Education Main Library | General Collection | 12/08/2010 | 35000.00 |
